000 00709nam a2200241Ia 4500
005 20260430150247.0
008 008 250103s9999 xx 000 0 eng d
037 _aTheses
040 _aCRL
040 _beng
040 _ceng
041 _2eng
041 _aeng
084 _qCRL
100 _aVerma Yash Au.; Datta Kaustuv Gu.
_91236962
245 0 _aRegulation of mitochondrial protein synthesis by a member of the YihA family of GTPases, MRX8, in Saccharomyces cerevisiae
260 _c2022
300 _a146p.
650 _aGenetics
700 _aUniversity of Delhi. Faculty of Interdisciplinary & Applied Sciences. Department of Genetics
942 _cTH
999 _c1849353
_d1849353